000 00985nam a2200277 i 4500
001 102408
003 ES-MaACL
005 20230906183114.0
007 t|
008 051110s1984 sp 10110 spa d
020 _a84-86094-05-4
080 _a347.77.043(460)
080 _a351.824.1(460)
245 0 3 _aEl mercado internacional de tecnología :
_b[jornadas sobre] Transferencia Tecnológica en Electrónica, Informática y Telecomunicación /
_cedición de Eugenio Triana y Jesús Galván.
260 _aMadrid :
_bFundesco,
_c1984.
300 _a123 p. ;
_c28 cm.
490 1 _aInformes
650 4 _aTransferencia de tecnología.
_9175566
700 1 _aTriana, Eugenio.
_9111364
700 1 _aGalván, Jesús.
_953687
710 2 _aFUNDESCO.
_94438
711 2 _aJornadas sobre Transferencia Tecnológica en Electrónica, Informática y Telecomunicación (
_d1984.
_cMadrid)
_9894
830 1 _aInformes
_9182704
852 4 _aES-MaACL
_jL-7254
999 _c102408
_d102408